Fundamental managerial accounting concepts

Uloženo v:
Podrobná bibliografie
Hlavní autor: Edmonds, Thomas P.
Médium: Kniha
Jazyk:angličtina
Vydáno: Boston. McGraw - Hill 2006
Vydání:3rd ed.
Témata:
Tagy: Přidat tag
Žádné tagy, Buďte první, kdo vytvoří štítek k tomuto záznamu!

MARC

LEADER 00000nam a22000005a 4500
003 CL-ChBUA
005 20120815104324.0
008 070814s2006 xxu||||| |||| 000 ||eng
020 |a 0072991054 
040 |a CL-ChBUA  |c CL-ChBUA 
082 0 0 |a 658.15 
090 |c 22268  |d 22268 
100 1 |a Edmonds, Thomas P. 
245 1 0 |a Fundamental managerial accounting concepts 
250 |a 3rd ed. 
260 |a Boston.  |b McGraw - Hill  |c 2006 
300 |a xxxii, 654 p.  |c 28 cm. 
504 |a il., índice. 
650 4 |a ADMINISTRACION FINANCIERA 
942 |c LIB 
952 |0 0  |1 0  |4 0  |7 0  |9 52216  |a UNACH  |b UNACH  |c 600  |d 2007-08-14  |l 0  |o 658.15 / F 981 c.1  |p 53309  |r 2012-12-27 00:00:00  |u 52216  |w 2012-08-08  |y LIB  |k 658.15 / F 981 c.1 
952 |0 0  |1 0  |4 0  |7 0  |9 52218  |a UNACH  |b UNACH  |c 600  |d 2007-08-14  |l 0  |o 658.15 / F 981 c.3  |p 53311  |r 2012-12-27 00:00:00  |u 52218  |w 2012-08-08  |y LIB  |k 658.15 / F 981 c.3 
952 |0 0  |1 0  |4 0  |7 0  |9 52219  |a UNACH  |b UNACH  |c 600  |d 2007-08-14  |l 0  |o 658.15 / F 981 c.4  |p 53312  |r 2012-12-27 00:00:00  |u 52219  |w 2012-08-08  |y LIB  |k 658.15 / F 981 c.4 
999 |c 22268  |d 22268